Largest Southern Cities - Statistics

General Stats
  • This quiz has been taken 29 times
  • The average score is 36 of 50
Answer Stats
State Population (2025) Answer % Correct
TX 1.001M Austin
100%
TX 1.332M Dallas
100%
TX 2.413M Houston
100%
FL 1.024M Jacksonville
100%
FL 498K Miami
100%
TN 709K Nashville
100%
OK 720K Oklahoma City
100%
GA 525K Atlanta
96%
NC 961K Charlotte
96%
LA 358K New Orleans
96%
NC 508K Raleigh
96%
DC 710K Washington
96%
TX 682K El Paso
92%
TN 607K Memphis
92%
FL 342K Orlando
92%
TX 1.548M San Antonio
92%
MD 565K Baltimore
88%
TX 1.029M Fort Worth
88%
KY 643K Louisville
88%
LA 220K Baton Rouge
84%
FL 421K Tampa
84%
VA 454K Virginia Beach
84%
AR 205K Little Rock
80%
VA 235K Richmond
80%
OK 416K Tulsa
80%
TX 317K Corpus Christi
76%
TX 205K Amarillo
72%
KY 331K Lexington
72%
TX 276K Lubbock
68%
FL 207K Tallahassee
68%
TX 406K Arlington
64%
VA 243K Arlington
64%
NC 307K Durham
64%
TX 263K Laredo
64%
NC 310K Greensboro
60%
AL 234K Huntsville
60%
FL 239K Hialeah
56%
TX 295K Plano
56%
FL 269K St. Petersburg
56%
NC 257K Winston-Salem
48%
FL 242K Cape Coral
44%
VA 256K Chesapeake
44%
NC 209K Fayetteville
44%
VA 229K Norfolk
44%
FL 272K Port St. Lucie
44%
TX 251K Garland
28%
TX 243K Frisco
24%
TX 258K Irving
24%
TX 235K McKinney
20%
TX 210K Grand Prairie
16%
No matching quizzes found
Score Distribution
Percent of People with Each Score
Percentile by Number Answered
Your Score History
You have not taken this quiz